书目信息 |
| 题名: |
草地生态与管理利用
|
|
| 作者: | 王德利 杨利民 | |
| 分册: | ||
| 出版信息: | 北京 化学工业出版社 2004 |
|
| 页数: | 407 | |
| 开本: | 19cm | |
| 丛书名: | 环境科学与政策丛书 | |
| 单 册: | ||
| 中图分类: | S81 | |
| 科图分类: | ||
| 主题词: | 畜牧学 | |
| 电子资源: | ||
| ISBN: | 7-5025-5675-3 | |
| 000 | 00617nam0 2200205 450 | |
| 001 | 0736775523 | |
| 005 | 20070929101255.51 | |
| 010 | @a7-5025-5675-3@d¥38.00 | |
| 100 | @a20070929d km y0chiy0120 ea | |
| 101 | 0 | @achi |
| 200 | 1 | @a草地生态与管理利用@Acao di sheng tai yu guan li li yong@f王德利 杨利民@Fwang de li yang li min |
| 210 | @a北京@c化学工业出版社@d2004 | |
| 215 | @a407@d19cm | |
| 225 | 2 | @a环境科学与政策丛书 |
| 410 | 0 | @12001 @a环境科学与政策丛书 |
| 606 | 0 | @a畜牧学 |
| 690 | @aS81@v3 | |
| 701 | 0 | @a王德利 杨利民@Awang de li yang li min |
| 801 | 0 | @aCN@bPFT@c20070929 |
| 905 | @a213230@dS81@en2@f1 | |
| 草地生态与管理利用/王德利 杨利民.-北京:化学工业出版社,2004 |
| 407;19cm.-(环境科学与政策丛书) |
| ISBN 7-5025-5675-3:¥38.00 |
| ● |
| 相关链接 |
|
|
|
|
正题名:草地生态与管理利用
索取号:S81/n2
 
预约/预借
| 序号 | 登录号 | 条形码 | 馆藏地/架位号 | 状态 | 备注 |
| 1 | 6602212 | 266022136 | 密集书库-生命科学系/ [索取号:S81/n2] | 在馆 |